| 000 | 00406nam a22001217a 4500 | ||
|---|---|---|---|
| 008 | 181129b xxu||||| |||| 00| 0 eng d | ||
| 041 | _aeng | ||
| 080 | _a043.3 | ||
| 100 | _a0 | ||
| 101 | _aBTH-MBE | ||
| 245 |
_aCilat jane sfidat e mjedisit te jashtem makroekonomik ne industrine e tregtise dhe industrise. Nje analize e zhvillimeve bashkekohore duke perdorur Pest analizen _cJashari, M |
||
| 942 |
_2udc _cBK |
||
| 999 |
_c52663 _d52663 |
||